Teoría y aplicaciones de electricidad y magnetismo

Saved in:
Bibliografiske detaljer
Hovedforfatter: Culver, Charles A (Author)
Format: Bog
Sprog:spansk
Udgivet: Buenos Aires Arbó 1949
Fag:
Tags: Tilføj Tag
Ingen Tags, Vær først til at tagge denne postø!

MARC

LEADER 00000nam a2200000 a 4500
001 UCU3756
003 CL-VaPUC
008 960510e19490000AG |||||||||||||||||spa|d
082 0 4 |a 537  |b CUL  |2 21 
100 0 |a Culver, Charles A  |e author  |9 360873 
245 1 0 |a Teoría y aplicaciones de electricidad y magnetismo 
300 |a 575 p 
942 |c BK 
945 |d 19960510 00:00:00  |a paguirre 
260 |a Buenos Aires  |b Arbó  |c 1949 
650 0 |a Electricidad  |9 260222 
650 0 |a Magnetismo  |9 260336 
650 0 |a Electromagnetismo   |9 260123 
650 7 |a CAMPOS ELECTRICOS  |2 CL-VaPUC  |9 360874 
650 0 |a Corrientes eléctricas   |9 354960 
650 0 |a Pilas de combustible  |9 360673 
650 7 |a GENERADORES ELECTRICOS  |2 CL-VaPUC  |9 360875 
650 7 |a RADIACTIVIDAD  |2 CL-VaPUC  |9 354956 
583 |a last modification  |c 19960510 00:00:00  |k Rodrigo Vera 
999 |c 247655  |d 247653